000 00293nam a22001337a 4500
008 170922b xxu||||| |||| 00| 0 eng d
020 _a9781572306271
041 _aeng
080 _a37
100 _a46
101 _aEDU
245 _aPEER HARASSMENT IN SCHOOL
_cJUVONEN,J
942 _2udc
_cBK
999 _c29131
_d29131